Decision-making process in respect of imports in selected socialist countries of eastern europe (Record no. 497873)

000 -LEADER
fixed length control field 00462cam a22001097a 4500
008 - FIXED-LENGTH DATA ELEMENTS--GENERAL INFORMATION
fixed length control field 180718b1972 xxu||||| |||| 00| 0 eng d
082 ## - DEWEY DECIMAL CLASSIFICATION NUMBER
Classification number T39x4 Un3
245 ## - TITLE STATEMENT
Title Decision-making process in respect of imports in selected socialist countries of eastern europe
Statement of responsibility, etc. by United Nations Conference on Trade and Development, Switzerland
260 ## - PUBLICATION, DISTRIBUTION, ETC.
Place of publication, distribution, etc. New York
Name of publisher, distributor, etc. United Nations
Date of publication, distribution, etc. 1972
300 ## - PHYSICAL DESCRIPTION
Extent 22p
700 ## - ADDED ENTRY--PERSONAL NAME
Personal name Switzerland. United Nations Conference on Trade and Development
Holdings
Withdrawn status Lost status Damaged status Not for loan Permanent Location Current Location Date acquired Full call number Barcode Date last seen Price effective from Koha item type
        Indian Institute of Public Administration Indian Institute of Public Administration 2018-08-04 T39x4 Un3 G11785 2018-08-04 2018-08-04 G

Powered by Koha